EuroBasket Champions Rosters - Statistics

General Stats
  • This quiz has been taken 57 times
    21 since last reset
  • The average score is 78 of 192
Answer Stats
Team Pos First Name Last Name % Correct
France 2013 SG Nando De Colo
100%
Slovenia 2017 SG Luka Dončić
100%
Spain 2009 PF Pau Gasol
100%
Spain 2009 C Marc Gasol
100%
Spain 2011 PF Pau Gasol
100%
Spain 2011 C Marc Gasol
100%
Spain 2015 PF Pau Gasol
100%
Spain 2009 PG Ricky Rubio
100%
Spain 2011 PG Ricky Rubio
100%
Germany 2025 PG Maodo Lo
95%
France 2013 PG Tony Parker
95%
France 2013 PF Boris Diaw
89%
Spain 2009 SF Rudy Fernandez
89%
Spain 2011 SF Rudy Fernandez
89%
Spain 2015 SF Rudy Fernandez
89%
Spain 2022 PG Jaime Fernandez
89%
Spain 2022 SG Rudy Fernandez
89%
Spain 2009 SG Juan Carlos Navarro
89%
Spain 2011 SG Juan Carlos Navarro
89%
Germany 2025 SG Andreas Obst
89%
Germany 2025 PG Dennis Schröder
89%
Germany 2025 SF Franz Wagner
89%
France 2013 SF Nicolas Batum
84%
Germany 2025 SF Isaac Bonga
84%
Spain 2022 PG Lorenzo Brown
84%
Germany 2025 SF Tristan Da Silva
84%
Germany 2025 PF Oscar Da Silva
84%
Slovenia 2017 PG Goran Dragić
84%
Spain 2015 C Willy Hernangomez
84%
Spain 2022 SF Juancho Hernangomez
84%
Spain 2022 C Willy Hernangomez
84%
Germany 2025 PF Daniel Theis
84%
Spain 2015 PF Nikola Mirotic
79%
Spain 2011 PF Serge Ibaka
74%
Russia 2007 PF Andrei Kirilenko
74%
Slovenia 2017 SF Klemen Prepelič
74%
Spain 2022 C Usman Garuba
68%
Spain 2009 SG Sergio Llull
68%
Spain 2011 SG Sergio Llull
68%
Spain 2015 SG Sergio Llull
68%
Spain 2015 PG Sergio Rodriguez
68%
Greece 2005 SG Vassilis Spanoulis
68%
Slovenia 2017 SF Vlatko Čančar
63%
Greece 2005 SG Dimitrios Diamantidis
63%
Yugoslavia 1991 C Vlade Divac
63%
Yugoslavia 1995 C Vlade Divac
63%
Spain 2009 PF Felipe Reyes
63%
Spain 2011 PF Felipe Reyes
63%
Spain 2015 PF Felipe Reyes
63%
Germany 2025 C Jonannes Voigtmann
63%
Yugoslavia 1995 SF Dejan Bodiroga
58%
Yugoslavia 1997 SF Dejan Bodiroga
58%
Yugoslavia 2001 SF Dejan Bodiroga
58%
Spain 2011 PG Jose Manuel Calderon
58%
Lithuania 2003 PG Šarunas Jasikevičius
58%
Yugoslavia 1995 PG Saša Obradović
58%
Yugoslavia 1997 PG Saša Obradović
58%
Yugoslavia 2001 PG Saša Obradović
58%
France 2013 C Johan Petro
58%
Spain 2022 SG Dario Brizuela
53%
Spain 2009 SF Victor Claver
53%
Spain 2011 PF Victor Claver
53%
Spain 2015 PF Victor Claver
53%
France 2013 PG Thomas Heurtel
53%
France 2013 C Joffrey Lauvergne
53%
Yugoslavia 2001 SG Veselin Petrović
53%
France 2013 PF Florent Pietrus
53%
Germany 2025 C Johannes Thiemann
53%
Spain 2022 PG Alberto Diaz
47%
Spain 2009 C Jorge Garbajosa
47%
Germany 2025 PG Justus Hollatz
47%
Spain 2022 PF Joel Parra
47%
Slovenia 2017 PF Anthony Randolph
47%
Yugoslavia 2001 SF Predrag Stojaković
47%
Yugoslavia 1991 SF Toni Kukoč
42%
Spain 2009 PF Alex Mumbru
42%
Slovenia 2017 SF Edo Murić
42%
Greece 2005 PG Theodoros Papaloukas
42%
Spain 2011 SF Fernando San Emeterio
42%
Spain 2015 SF Fernando San Emeterio
42%
France 2013 C Alexis Ajinca
37%
Slovenia 2017 SG Jaka Blažić
37%
Greece 2005 C Ioannis Bourousis
37%
Greece 2005 SF Antonis Fotsis
37%
Germany 2025 C Leon Kratzer
37%
Slovenia 2017 PG Aleksej Nikolić
37%
Yugoslavia 1991 PF Dino Rađa
37%
Yugoslavia 1997 PF Milenko Topić
37%
Yugoslavia 1991 SG Predrag Danilović
32%
Yugoslavia 1995 SG Predrag Danilović
32%
Yugoslavia 1997 SG Predrag Danilović
32%
Greece 2005 PF Dimos Dikoudis
32%
Slovenia 2017 C Žiga Dimec
32%
France 2013 PG Antoine Diot
32%
Yugoslavia 1991 PG Aleksandar Đorđević
32%
Yugoslavia 1995 PG Aleksandar Đorđević
32%
Yugoslavia 1997 PG Aleksandar Đorđević
32%
Italy 1999 PF Gregor Fucka
32%
Russia 2007 PG J.R. Holden
32%
Spain 2009 PG Raul Lopez
32%
Spain 2022 SF Xabier Lopez-Arostegui
32%
Greece 2005 C Lazaros Papadopoulos
32%
Yugoslavia 1991 SF Žarko Paspalj
32%
Yugoslavia 1995 SF Žarko Paspalj
32%
Yugoslavia 1991 PF Zoran Savić
32%
Yugoslavia 1995 PF Zoran Savić
32%
Yugoslavia 1997 PF Zoran Savić
32%
Lithuania 2003 SF Ramunas Šiškauskas
32%
Greece 2005 SG Nikolaos Zisis
32%
Yugoslavia 1995 SG Miroslav Berić
26%
Yugoslavia 1997 SG Miroslav Berić
26%
Yugoslavia 2001 C Predrag Drobnjak
26%
Yugoslavia 2001 SF Milan Gurović
26%
Greece 2005 PF Michalis Kakiouzis
26%
Yugoslavia 1991 SF Arjan Komazec
26%
Yugoslavia 2001 PF Dejan Milojević
26%
Yugoslavia 2001 SG Igor Rakočević
26%
Yugoslavia 1995 C Željko Rebrača
26%
Yugoslavia 1997 C Željko Rebrača
26%
Spain 2015 SG Pau Ribas
26%
Spain 2011 PG Victor Sada
26%
Yugoslavia 2001 SG Vlado Šćepanović
26%
Greece 2005 C Kostas Tsartsaris
26%
Italy 1999 PG Gianluca Basile
21%
Russia 2007 PF Viktor Khryapa
21%
Yugoslavia 1995 C Dejan Koturović
21%
Yugoslavia 1997 SG Nikola Lončar
21%
Russia 2007 SF Sergei Monia
21%
Yugoslavia 1991 SG Velimir Perasović
21%
Spain 2022 PF Jaime Pradilla
21%
Yugoslavia 1991 PG Zoran Sretenović
21%
Yugoslavia 1995 PG Zoran Sretenović
21%
Yugoslavia 2001 C Dragan Tarlać
21%
Yugoslavia 1995 PF Dejan Tomašević
21%
Yugoslavia 1997 PF Dejan Tomašević
21%
Yugoslavia 2001 PF Dejan Tomašević
21%
Slovenia 2017 C Gašper Vidmar
21%
Spain 2015 PG Guillem Vives
21%
Yugoslavia 1991 PG Jure Zdovc
21%
Spain 2015 PF Pablo Aguilar
16%
Yugoslavia 1997 C Nikola Bulatović
16%
Spain 2009 PG Carlos Cabezas
16%
France 2013 SF Mickael Gelabale
16%
Greece 2005 SG Nikos Hatzivrettas
16%
Yugoslavia 2001 PG Marko Jarić
16%
Lithuania 2003 C Kšyštof Lavrinovič
16%
Lithuania 2003 SG Arvydas Macijauskas
16%
Italy 1999 SF Andrea Meneghin
16%
Italy 1999 SG Carlton Myers
16%
Russia 2007 SG Zakhar Pashutin
16%
Italy 1999 C Roberto Chiacig
11%
Italy 1999 SF Alessandro De Pol
11%
Italy 1999 C Giacomo Galanda
11%
Yugoslavia 1991 C Zoran Jovanović
11%
France 2013 SF Charles Lombahe-Kahudi
11%
Italy 1999 C Denis Marconato
11%
Yugoslavia 1997 SG Miroslav Radošević
11%
Slovenia 2017 PG Matić Rebec
11%
Germany 1993 SG Henrik Rödl
11%
Spain 2022 C Sebas Saiz
11%
Lithuania 2003 PF Saulius Štombergas
11%
Greece 2005 PF Panagiotis Vasilopoulos
11%
Lithuania 2003 SG Mindaugas Žukauskas
11%
Lithuania 2003 C Eurelijus Žukauskas
11%
Italy 1999 SG Alessandro Abbio
5%
Germany 1993 SG Stephan Baeck
5%
Germany 1993 C Gunther Behnke
5%
Italy 1999 PG Davide Bonora
5%
Italy 1999 C Marcelo Damiao
5%
Germany 1993 C Hansi Gnad
5%
Germany 1993 PF Henning Harnisch
5%
Germany 1993 SG Michael Koch
5%
Germany 1993 C Jens Kujawa
5%
Italy 1999 SG Michele Mian
5%
Russia 2007 C Nikita Morgunov
5%
Germany 1993 PG Kai Nürnberger
5%
Germany 1993 C Teoman Özturk
5%
Russia 2007 SG Anton Ponkrashov
5%
Lithuania 2003 C Virginijus Praškevičius
5%
Russia 2007 C Alexei Savrasenko
5%
Lithuania 2003 PG Donatas Slanina
5%
Lithuania 2003 PF Darius Songaila
5%
Germany 1993 C Christian Welp
5%
Slovenia 2017 PF Saša Zagorac
5%
Russia 2007 PG Sergei Bykov
0%
Lithuania 2003 PG Giedrius Gustas
0%
Germany 1993 SF Michael Jackel
0%
Germany 1993 SF Moritz Kleine-Brockhoff
0%
Russia 2007 SG Nikolay Padius
0%
Lithuania 2003 SF Dainius Salenga
0%
Russia 2007 PG Petr Samoylenko
0%
Russia 2007 PF Nikita Shabalkin
0%
No matching quizzes found
Score Distribution
Percent of People with Each Score
Percentile by Number Answered
Your Score History
You have not taken this quiz since the last reset